| 000 | 00621nam a2200205 i 4500 | ||
|---|---|---|---|
| 001 | 106606 | ||
| 003 | ES-MaACL | ||
| 005 | 20250827231500.0 | ||
| 007 | t| | ||
| 008 | 061205s1960 ne ||||1| eng d | ||
| 080 | _a165.72(091) | ||
| 100 | 1 |
_aPopkin, Richard H. _993096 |
|
| 245 | 1 | 4 |
_aThe history of scepticism from Erasmus to Descartes / _cby Richard H. Popkin. |
| 260 |
_aAssen : _bVan Gorcum, _c1960. |
||
| 300 |
_aXVII, 236 p. ; _c25 cm. |
||
| 500 | _aBiblioteca Jacinto MartÃnez Lacalle. | ||
| 650 | 1 | 4 |
_aEscepticismo- _vHistoria _912355 |
| 852 |
_aES-MaACL _jE-11419 _bR.138918 |
||
| 999 |
_c106606 _d106606 |
||